000 01138nam a2200229 a 4500
001 000868537
003 AM-YeHGA
005 20250617153542.0
008 120220s1958 ru r 000 0 rus d
040 _aAM-YeHGA
041 0 _arus
110 2 _aВсесоюзный научно-исследовательский институт масличныных и эфиромасличных культур
245 1 0 _aКраткий отчет о научно-исследовательской работе за 1957 год /
_cРед. кол. В.М. Суслов, А.Я. Панченко и др.; ВАСХНИЛ.
260 _aКраснодар :
_bСоветская Кубань,
_c1958.
300 _a290 с. :
_bтабл., рис. ;
_c26 см.
504 _aБиблиогр. в подстроч. примеч.
650 1 4 _aЭфиромасличные культуры
700 1 _aСуслов, В.М.
_eред.
_4edt
700 1 _aПанченко, А.Я.
_eред.
_4edt
710 2 _aВсесоюзная академия сельскохозяйственных наук им. В.И. Ленина
090 _c395723
999 _c393696
_d393696